000 00784nam a2200277Ia 4500
003 OSt
005 20221005042658.0
006 a|||||r|||| 00| 0
007 ta
008 221004b |||||||| |||| 00| 0 eng d
020 _a0 85216 192 1
024 _a40294
037 _cTextual
040 _aCRL
_cCRL
_beng
041 _2eng
_aeng
082 _aO111,3M40w, L8
100 _aWinchcombe Anna
_9590733
110 _aGift from Prof Amitava Banerjee, London
245 0 _aThomas Hardy
_b Wayfarer
260 _aDorset
_bDorset County Library UK
_c1978
300 _a44p.
_ccm.
650 _aENGLISH LITERATURE
700 _aGift from Prof Amitava Banerjee, London
942 _hO111,3M40w, L8
_cTEXL
_2cc
999 _c950645
_d950645